00409nam0a2200145 450000100060000001000150000602100140002110000410003520000680007621000290014421500210017367500200019470000270021470200220024131129 a9727101852 b207108/04 a20100901d2004 a 0pory5003 ba1 aO Casamento da Gata fLuísa Ducla Soaresgil. Pedro Leitão  aLisboa cTerramard2004  a[24] p. d22 cm  a087.5vBNLzpor 1aSoaresbLuísa Ducla  1aLeitão bPedro